[Event "FRA-ch U18 Girls"]
[Site "Montbeliard"]
[Date "2014.04.22"]
[Round "4"]
[White "Hernandez, Lara"]
[Black "Mouzayek, Sarah"]
[Result "1-0"]
[WhiteElo "1706"]
[BlackElo "1440"]
[PlyCount "69"]
[EventDate "2014.04.21"]
[EventType "swiss"]
[EventRounds "9"]
[EventCountry "FRA"]
[SourceTitle "CBM 160 Extra"]
[Source "ChessBase"]
[SourceDate "2014.07.01"]
[SourceVersion "1"]
[SourceVersionDate "2014.07.01"]
[SourceQuality "1"]

1. d4 Nf6 2. Nf3 e6 3. e3 Be7 4. Bd3 d5 5. 0-0 0-0 6. b3 Nbd7 7. Bb2 b6 8. Nbd2 c5 9. Ne5 Bb7 10. f4 Ne4 11. Bxe4 dxe4 12. Ndc4 f6 13. Nxd7 Qxd7 14. dxc5 Qxd1 15. Rfxd1 Bxc5 16. Ba3 Rfc8 17. Bxc5 Rxc5 18. Nd6 Bc6 19. c4 a5 20. a4 Rd8 21. Nb5 Rxd1+ 22. Rxd1 Bxb5 23. axb5 Rc8 24. Rd6 Rb8 25. Rxe6 f5 26. g4 g6 27. gxf5 Kf7 28. Rxe4 gxf5 29. Rd4 Ke6 30. Kf2 Rc8 31. Kf3 Rc5 32. e4 h5 33. exf5+ Rxf5 34. Ke4 h4 35. Rd6+ 1-0

[Event "FRA-ch U18 Girls"]
[Site "Saint Paul Trois Chateaux"]
[Date "2013.04.30"]
[Round "3"]
[White "Mouzayek, Sarah"]
[Black "Sellami, Farida"]
[Result "1-0"]
[WhiteElo "1440"]
[BlackElo "1419"]
[PlyCount "77"]
[EventDate "2013.04.28"]
[EventType "swiss"]
[EventRounds "9"]
[EventCountry "FRA"]
[SourceTitle "CBM 154 Extra"]
[Source "ChessBase"]
[SourceDate "2013.06.25"]
[SourceVersion "2"]
[SourceVersionDate "2013.06.25"]
[SourceQuality "1"]

1. e4 c5 2. Nf3 Nc6 3. d4 cxd4 4. Nxd4 Nf6 5. Nc3 d6 6. Bb5 Bd7 7. 0-0 Qb6 8. Be3 Ng4 9. Nf5 Nxe3 10. Nxe3 a6 11. Ned5 Qa5 12. Bxc6 bxc6 13. b4 Qd8 14. Ne3 e5 15. a3 Be7 16. Kh1 0-0 17. Ne2 Be6 18. c4 Qd7 19. f4 f5 20. exf5 Bxf5 21. fxe5 Be4 22. exd6 Rxf1+ 23. Nxf1 Bf6 24. Ra2 Qg4 25. Nfg3 Be5 26. Rd2 Rd8 27. c5 Qh4 28. Qb3+ Bd5 29. Qe3 Bf6 30. Nf4 Bg5 31. Rd4 Bf6 32. Rd1 Bg5 33. Rf1 Rf8 34. Nge2 Bc4 35. g3 Bxf4 36. Rxf4 Qh6 37. Rxf8+ Kxf8 38. Qe7+ Kg8 39. Qe8# 1-0

[Event "FRA-ch U18 Girls"]
[Site "Saint Paul Trois Chateaux"]
[Date "2013.04.28"]
[Round "1"]
[White "Mouzayek, Sarah"]
[Black "Vignette, Jeanne"]
[Result "0-1"]
[WhiteElo "1440"]
[BlackElo "1762"]
[PlyCount "64"]
[EventDate "2013.04.28"]
[EventType "swiss"]
[EventRounds "9"]
[EventCountry "FRA"]
[SourceTitle "CBM 154 Extra"]
[Source "ChessBase"]
[SourceDate "2013.06.25"]
[SourceVersion "2"]
[SourceVersionDate "2013.06.25"]
[SourceQuality "1"]

1. e4 d5 2. exd5 Qxd5 3. Nc3 Qa5 4. Nf3 Bg4 5. d3 Nf6 6. Bd2 Nbd7 7. Be2 e6 8. a3 c6 9. h3 Bh5 10. Ne4 Qc7 11. Nh2 Bg6 12. Bf3 Nxe4 13. Bxe4 Bxe4 14. dxe4 Qe5 15. 0-0 Qxe4 16. Re1 Qf5 17. Be3 Be7 18. Re2 Rd8 19. Rd2 h5 20. Bxa7 b6 21. a4 Qa5 22. Bxb6 Nxb6 23. Rxd8+ Bxd8 24. b3 Bf6 25. Ra2 Nd5 26. Qf3 Qe1+ 27. Nf1 Qb1 28. Ra3 Bb2 29. Qg3 0-0 30. b4 Bxa3 31. Qxa3 Qxb4 32. Qa1 Ra8 0-1